Every Class 2 North Carolina Senator - Statistics

General Stats
  • This quiz has been taken 21 times
  • The average score is 13 of 26
Answer Stats
Picture Hint Answer % Correct
R(2003-2009) Elizabeth Dole
100%
D(2009-2015) Kay Hagan
100%
R(2015-) Thom Tillis
100%
R(1973-2003) Jesse Helms
80%
D(1950-1953) Willis Smith
80%
D(1958-1973) B. Everett Jordan
60%
D(1949-1950) Frank P. Graham
60%
R(1793-1799) Alexander Martin
40%
D(1953-1954) Alton A. Lennon
40%
D(1829-1840) Bedford Brown
40%
D(1854-1859) David S. Reid
40%
D(1901-1931) Furnifold M. Simmons
40%
DR(1805-1816) James Turner
40%
R(1799-1805) Jesse Franklin
40%
D(1948-1949) J. Melville Broughton
40%
J(1823-1829) John Branch
40%
R(1868-1872) Joseph C. Abbott
40%
D(1931-1946) Josiah W. Bailey
40%
PO(1895-1901) Marion Butler
40%
D(1872-1895) Matt W. Ransom
40%
DR(1816-1823) Montfort Stokes
40%
PA(1789-1793) Samuel Johnston
40%
D(1859-1868) Thomas Bragg
40%
D(1946-1948) William B. Umstead
40%
W(1840-1854) Willie P. Mangum
40%
D(1954-1958) W. Kerr Scott
40%
No matching quizzes found
Score Distribution
Percent of People with Each Score
Percentile by Number Answered
Your Score History
You have not taken this quiz